00289 a2200109 4500001000700000020000600007040001100013100003900024240005600063245005100119362000900170170607 a  cMagnum aSerie Estado do Conhecimento NÂș 310aAvaliacao na educacao basica (1990-1998) - v.4lpor10aAvaliacao na educacao basica (1990-1998) - v.40 a1899